=LDR 00000nam 2200000 4500 =001 INLIS000000000020381 =005 20231214073908 =035 ##$$a 0010-061300000020381 =008 231214###########################0###### =041 ##$$a Ind =082 ##$$a 155.5 =090 ##$$a 158.1, Orr b =100 ##$$a Sarwono, Sarlito Wirawan =245 1#$$a Psikologi remaja, oleh Dr. Sarlito Wirawan Sarwono =260 ##$$a 1991 :$b Jakarta =300 ##$$a x, 255 hlm, 21 cm =650 #4$$a Psikologi Remaja =850 ##$$a NBPNMAT =084 ##$$a 155.5 SAR p =990 ##$$a 90597/BPAP-NTB/2014 =990 ##$$a 91304/BPAP-NTB/2014